000 01009nam a22002417a 4500
005 20170919160809.0
010 _aENG-120810-811
020 _c4495.00(set of 2 vols)
_a9788131252291(vol-1)
020 _c4495.00(set of 2 vols)
_a9788131252291(vol-2)
035 _aEN-104342-343
037 _bDBAD/PUB
082 _a346.54022
100 _aVardhan,R. Yashod
245 0 0 _aPollock & Mulla the Indian contract and specific relief acts /
_cby R. Yashod Vardhan [and] Chitra Narayan
250 _a15th ed
260 _aGurgaon
_bLexis Nexis
_c2017
270 _a14th Floor, Bldg. No.10, Tower-B, DLF Cyber City, Phase-II
_bGurgaon
_e122002
300 _a2-vols(cccxcix,1-1004p,[98p] ; ccscxix,1005-2348p.[98p] )
_c26cm(Hb)
500 _aIncludes index
505 _avol-1- the Indian contract act,1872,Section 1-67 ; vol-2-the Indian contract act,1872 sections 68 to end,the specific relief act,1963 sections 1to 44.
700 _aChitra Narayan
942 _2ddc
_cEN
_mVAR
_h346.54022
999 _c145003
_d145003